00450nam a22001577a 450000500170000000800410001702000180005804100130007608200150008910000250010424500400012925000190016926000480018830000300023665000260026620240130095406.0240130b |||||||| |||| 00| 0 eng d a9781485133179 aEnglish  a344.1 GRO  aGrogan, J lEnglish  aCollective Labour Law / cJ Gorgan  aThird Edition  aCape Town : bJuta and Company Ltd, c2019  bxv, 487 pages ; c25 cm.  aLegal practice bLaw